000
00303nam a22001337a 4500
008
180906b xxu||||| |||| 00| 0 eng d
020
_a
0534012647
041
_a
eng
080
_a
616.073
100
_a
4
101
_a
SHM
245
_a
Introduction To Human Disease
_c
Crowley,l,v
942
_2
udc
_c
BK
999
_c
47594
_d
47594